| 000 | 00903nam a22002057a 4500 | ||
|---|---|---|---|
| 999 |
_c23225 _d23225 |
||
| 003 | NUST | ||
| 005 | 20170606110638.0 | ||
| 008 | 150915b xxu||||| |||| 00| 0 eng d | ||
| 020 | _a0070479828 | ||
| 040 |
_cRCMS _aDLC _bDLC |
||
| 050 | _a621.4022 OZI | ||
| 082 | _a621.4022 OZI | ||
| 100 |
_911144 _aOzisik, M. Necati |
||
| 245 |
_aHeat transfer : a basic approach _cM. Necati Ozisik |
||
| 260 | _cc.1985 | ||
| 538 | _iShelf # 10, Row # 3, Mechanical & Aerospace. | ||
| 650 |
_910651 _aHeat transfer _xME |
||
| 942 |
_2ddc _cBK _h621.4022 OZI |
||